000 00994nac a22003377a 4500
001 BR7803732
003 BR-BrBNA
005 20240105114241.0
008 230509b bl.|||m| |||| 00| 0 por d
040 _aBR-BrBNA
_bpor
_cBiblioteca Nacional de Agricultura
072 _aK50
090 _a8919 BR7803732
100 1 _aZvinakevicius, C.
100 1 _aFoelkel, C.E.B.
100 1 _aKato, J.
100 1 _aMedeiros Sobrinho, J.
100 1 _aMilanez, A.F.
110 1 _aCelulose Nipo-Brasileira S.A., Belo Oriente, MG
_91354
245 1 _aUtilizacao dos rejeitos do cozimento kraft [Eucalipto; Celulose]
260 3 _aBelo Oriente, MG (Brasil):
_c1978.
300 _a12 p.
490 _aCENIBRA Pesquisa. Serie Processamento (Brazil)
_vno. 84
_x
500 _a14 tables
650 _aIndustria florestal
650 _aEucalipto
650 _aCelulose
650 _aPapel
650 _aMadeira
909 _a202312
_bLúcia Elande
_c55
_dLúcia Elande
942 _2AGRIS
_n0
_cMS
999 _c268267
_d268267